000 00356cam a2200145ua 4500
020 _a81-7008-006-5
082 _a551.48
_bJAY/TE
100 _aJayarami Reddy, P .
245 _aText book of hydrology /
250 _a2 /
260 _aNew Delhi :
_bLaxmi Publications ,
_c1994.
300 _a530 ; .
500 _a18994, 18995, 18996 CSS
942 _cBK
999 _c9523
_d9523